|
|
|
|
| LEADER |
00000nam0a2200000 4500 |
| 001 |
317338 |
| 005 |
20231102002950.0 |
| 035 |
|
|
|a (RuTPU)RU\TPU\book\342806
|
| 090 |
|
|
|a 317338
|
| 100 |
|
|
|a 20160407d1949 km y0rusy50 ca
|
| 101 |
0 |
|
|a rus
|
| 102 |
|
|
|a RU
|
| 105 |
|
|
|a a z 001zy
|
| 200 |
1 |
|
|a Аэродинамика систем промышленной вентиляции
|f С. Е. Бутаков
|g Всесоюзный научно-исследовательский институт охраны труда (ВНИИОТ)
|
| 210 |
|
|
|a Москва
|c Профиздат
|d 1949
|
| 215 |
|
|
|a 264 с.
|c ил.
|
| 320 |
|
|
|a Библиогр.: с. 268-269
|
| 606 |
1 |
|
|a Вентиляция промышленная
|x Аэродинамика
|2 stltpush
|3 (RuTPU)RU\TPU\subj\2235
|9 30827
|
| 610 |
1 |
|
|a трубы
|
| 610 |
1 |
|
|a течение
|
| 610 |
1 |
|
|a потери
|
| 610 |
1 |
|
|a трение
|
| 610 |
1 |
|
|a воздухопроводы
|
| 610 |
1 |
|
|a фасонные части
|
| 610 |
1 |
|
|a сопротивление
|
| 610 |
1 |
|
|a расчет
|
| 610 |
1 |
|
|a вентиляторы
|
| 610 |
1 |
|
|a эжекция
|
| 610 |
1 |
|
|a аэрация
|
| 610 |
1 |
|
|a воздушные завесы
|
| 610 |
1 |
|
|a обеспыливатели
|
| 610 |
1 |
|
|a пылеотделители
|
| 675 |
|
|
|a 697.95
|v 4
|
| 700 |
|
1 |
|a Бутаков
|b С. Е.
|
| 712 |
0 |
2 |
|a Всесоюзный научно-исследовательский институт охраны труда (ВНИИОТ)
|c (Москва)
|c (1933-1960)
|2 stltpush
|3 (RuTPU)RU\TPU\col\9305
|
| 801 |
|
1 |
|a RU
|b 63413507
|c 20160407
|
| 801 |
|
2 |
|a RU
|b 63413507
|c 20200703
|g RCR
|
| 942 |
|
|
|c BK
|